000
00277pam a2200121 a 4500
020
_c
041
_a
eng
100
_a
Shaw.G.B.
245
_a
A Fesaturless Chamipans & The Truth
_h
Textual Documents
260
_a
[s.l]:
_b
Progress Publishing
300
_a
419p.
930
_a
15561
999
_c
92461
_d
92461